| 000 | 00792nam a2200229 a 4500 | ||
|---|---|---|---|
| 005 | 20240215063644.0 | ||
| 008 | 050524s19762003 000 eng d | ||
| 020 | _a84893335 | ||
| 035 | _aUPN01000140641 | ||
| 049 | _aCG | ||
| 050 | 4 |
_aBF311 _bS8.3 |
|
| 100 | 1 | _aStevens, John O. | |
| 245 | 1 | 3 |
_aEl darse Cuenta : _bsentir, imaginar, vivenciar : ejercicios y experimentos en terapia guestáltica / _cJohn O. Stevens ; tr. de Martín Bruggendieck. |
| 260 |
_aSantiago de Chile : _bCuatro Vientos, _c1976 (2003 impr.). |
||
| 300 | _a286 p. | ||
| 520 | _aTraducción de: | ||
| 534 | _pAwareness: exploring, experimenting, experiencing | ||
| 650 | 4 |
_aTeoría del conocimiento _91707 |
|
| 650 | 2 |
_aTerapia Gestalt _915227 |
|
| 650 | 7 |
_aConciencia (Psicología) _2 _910995 |
|
| 905 | _aLibro | ||
| 999 |
_c112789 _d112789 |
||